Missing Word: Three Word Album Titles Quiz Stats

 Plays Quiz Updated Oct 19, 2017

Score 0/28 Timer 04:00
0 Plays Today
Hint Answer % Correct
_____ it BeLet
94.9%
_____ a VirginLike
94.4%
Mr. Tambourine _____Man
93.6%
Wide _____ SpacesOpen
90.4%
No _____ AttachedStrings
89%
Jagged _____ PillLittle
87%
Straight Outta _____Compton
86.7%
Life _____ DeathAfter
85.3%
At Folsom _____Prison
84.9%
Brothers in _____Arms
84.4%
_____ When WetSlippery
82.8%
White _____ CellsBlood
82.7%
Stop _____ SenseMaking
73.9%
_____ on BlondeBlonde
72.3%
Hint Answer % Correct
No Jacket _____Required
71.8%
Appetite for _____Destruction
71.4%
Frampton Comes _____!Alive
70.7%
Cracked _____ ViewRear
58.1%
_____ the TorpedoesDamn
56.1%
Are you _____?Experienced
53.2%
Let it _____Bleed
52.3%
Master of _____Puppets
51.6%
_____ in AmericaBreakfast
44.7%
Can't _____ DownSlow
41.8%
_____ of LoveTunnel
35.8%
_____ to IllLicensed
35.7%
Ropin' the _____Wind
34.8%
_____ the WayBy
28.8%

Today's Daily Dose

Missing Word
Christopher Lee

You're not logged in!

Compare scores with friends on all Sporcle quizzes.
OR
Log In

Show Comments

Extras

Top Quizzes Today


Score Distribution

Your Account Isn't Verified!

In order to create a playlist on Sporcle, you need to verify the email address you used during registration. Go to your Sporcle Settings to finish the process.

Report this User

Report this user for behavior that violates our Community Guidelines.

Details: